| 000 | 00329 a2200133 4500 | ||
|---|---|---|---|
| 005 | 20250625124048.0 | ||
| 020 | _a0-07-829878-4 | ||
| 082 | _a658.311.24 GLE | ||
| 100 | _aGlencoe | ||
| 245 | _aInterviewing, | ||
| 260 |
_aNew York, _bMcGraw-Hill Irwin, _c2003. |
||
| 300 |
_axvii.; 206p.; picture, _bIndex, _c29cm. |
||
| 942 |
_2ddc _cBKS |
||
| 999 |
_c5050 _d5050 |
||